| 000 | 00349nam a2200133Ia 4500 | ||
|---|---|---|---|
| 008 | 221030s9999 xx 000 0 und d | ||
| 041 | _aEnglish | ||
| 100 | _aT. T. Poulose | ||
| 245 | 0 |
_aSuccession in International Law _cby T. T. Poulose |
|
| 260 |
_bOrient Longman _aNew Delhi _c1974 |
||
| 300 | _a348 | ||
| 650 | _aInternational Law | ||
| 942 | _cBK | ||
| 999 |
_c19021 _d19021 |
||